| 000 | 01383cam a2200421 a 4500 | ||
|---|---|---|---|
| 001 | 60390 | ||
| 003 | CO-BoRNBP | ||
| 005 | 20260203224520.0 | ||
| 007 | t | ||
| 008 | 981127s1985 ck a r 00011 spa d | ||
| 020 | _a8482809008 | ||
| 020 | _a8482809598 | ||
| 040 |
_aCO-BoBLA _bspa _dCO-BoBLA _erda _c00 |
||
| 041 |
_aspa _heng |
||
| 043 | _an-us--- | ||
| 082 | 0 | 4 |
_a813.36 _bM35m1 _219 ed. |
| 084 | _a00 | ||
| 100 | 1 |
_aMelville, Herman, _d1819-1891. _92632 |
|
| 245 | 1 | 0 |
_aMoby Dick / _cHerman Melville ; traducción José María Valverde. |
| 250 | _a1a. edición | ||
| 264 |
_aBogotá : _bEditorial Oveja Negra, _c1985. |
||
| 300 | _a2 volúmenes | ||
| 336 |
_atext _btxt _2rdacontent |
||
| 337 |
_aunmediated _bn _2rdamedia |
||
| 338 |
_avolume _bnc _2rdacarrier |
||
| 490 | 1 |
_aBest sellers ; _v58-59 |
|
| 505 | 0 | _av.1 Desde Espejismos hasta Stubb mata un cachalote. -- v.2 Desde el Arponeo hasta La casa. Tercer día. | |
| 534 | _tMoby Dick or the white whale. | ||
| 650 | 7 |
_aBallenas _v Novela. _2BLAAUTO _968535 |
|
| 650 | 7 |
_aNovela estadounidense. _2BLAAUTO _9761 |
|
| 700 | 1 |
_aValverde, José María, _d1926-1996, _etraductor. _965701 |
|
| 830 | 0 |
_aBest sellers ; _v58-59 _968536 |
|
| 830 | 0 |
_aJorge Ortega Torres-Colección _942595 |
|
| 830 | 0 | 0 |
_aJorge Ortega Torres-Colección _942595 |
| 942 |
_2ddc _cBK |
||
| 949 |
_an _bn |
||
| 960 | _aNormalizados-2025 | ||
| 999 |
_c60390 _d60390 |
||